Plan de desarrollo educativo comunal sistema municipalizado 1996 2000

Saved in:
Bibliografiske detaljer
Institution som forfatter: Corporación Municipal de Valparaíso para el Desarrollo Social (Author)
Format: Bog
Sprog:spansk
Udgivet: Valparaíso Corporación Municipal de Valparaíso para elDesarrollo Social 1997
Fag:
Tags: Tilføj Tag
Ingen Tags, Vær først til at tagge denne postø!

MARC

LEADER 00000nam a2200000 a 4500
001 UCQ6390
003 CL-VaPUC
008 981016e19970000CL |||||||||||||||||spa|d
082 0 4 |a 638.15  |b COR  |2 21 
110 2 |a Corporación Municipal de Valparaíso para el Desarrollo Social  |e author  |9 420271 
245 1 0 |a Plan de desarrollo educativo comunal sistema municipalizado 1996 2000 
300 |a P. irreg 
942 |c BK 
945 |d 19981016 00:00:00  |a mvenant 
260 |a Valparaíso  |b Corporación Municipal de Valparaíso para elDesarrollo Social  |c 1997 
650 0 |a Educación  |9 258661 
650 0 |a Planificación de la educación   |9 307333 
650 0 |a Innovaciones pedagógicas  |9 307471 
650 0 |a Métodos de enseñanza  |9 270413 
651 7 |a CHILE  |2 CL-VaPUC  |9 420272 
651 0 |a Valparaíso, Chile  |9 261144 
583 |a last modification  |c 19981016 00:00:00  |k Rodrigo Vera 
999 |c 276359  |d 276357 
952 |0 0  |1 0  |4 0  |6 638_150000000000000_COR_1997  |7 0  |8 P  |9 313552  |a BIBEDU  |b BIBEDU  |c BIBEDU_PB  |d 2019-11-20  |i 3469360  |o 638.15 COR 1997  |p 3469360  |r 2024-01-25  |w 2019-11-20  |y BK  |k BME